| 000 | 01279nam a22003497a 4500 | ||
|---|---|---|---|
| 003 | CHAP | ||
| 005 | 20220329140402.0 | ||
| 008 | 971013s1986 r 00010 d | ||
| 010 | _a51225 | ||
| 011 | _a52197 | ||
| 035 | _a56347 | ||
| 040 | _cCHAP | ||
| 090 | _aTesis | ||
| 100 | 0 | 0 |
_aRodríguez Zavaleta, Carlos. _998974 |
| 245 | _aFotosíntesis, transpiración, eficiencia en le uso del agua, análisis de crecimiento de cuatro cultivares de frijol (Phaseolus vulgaris L.) | ||
| 260 |
_aChapingo, Méx. : _bEl autor, _c1986 |
||
| 300 |
_a334 h. _b; gráfs. |
||
| 502 | _aTesis (Doctor en Ciencias Esp. en Botánica) -- Colegio de Postgraduados. Centro de Botánica | ||
| 590 |
_aALEPH _b10 _c20130110 _lUCH01 _h1326 |
||
| 590 |
_aBATCH-UPD _b10 _c20130110 _lUCH01 _h0248 |
||
| 590 |
_aBATCH-UPD _b10 _c20130110 _lUCH01 _h1429 |
||
| 590 |
_aBATCH-UPD _b10 _c20130410 _lUCH01 _h1413 |
||
| 590 |
_aBATCH-UPD _b10 _c20130914 _lUCH01 _h1438 |
||
| 590 |
_aCONVERSION _b10 _c20130109 _lUCH01 _h1328 |
||
| 650 | 1 | 4 |
_aFrijol _xAgua requerida. _943320 |
| 650 | 1 | 4 |
_aFrijol _xCrecimiento. _943356 |
| 650 | 1 | 4 |
_aFrijol _xVariedades. _943446 |
| 901 | _aBK | ||
| 942 | _cFOLL | ||
| 949 |
_bBC _cTES _d-123129 _eTS1 _h18157 _i56347 _si |
||
| 949 |
_bBC _cTES _d33724000639423 _eTS2 _fc.2 _h18158 _i56347 _si |
||
| 999 |
_c51225 _d51225 |
||